23愛知県の市区町村 - Statistics

General Stats
  • This quiz has been taken 359 times
    350 since last reset
  • The average score is 45 of 69
Answer Stats
Answer % Correct
豊橋市
95%
豊田市
92%
岡崎市
90%
名古屋市中区
87%
一宮市
87%
名古屋市中村区
85%
豊川市
85%
名古屋市東区
84%
名古屋市北区
84%
名古屋市西区
84%
名古屋市南区
84%
安城市
83%
犬山市
81%
刈谷市
80%
蒲郡市
80%
常滑市
80%
名古屋市港区
79%
春日井市
79%
北名古屋市
77%
名古屋市緑区
76%
新城市
75%
知立市
75%
小牧市
74%
名古屋市千種区
72%
名古屋市守山区
72%
半田市
72%
西尾市
72%
東海市
72%
大府市
72%
知多市
72%
田原市
72%
名古屋市名東区
71%
名古屋市熱田区
70%
名古屋市天白区
70%
あま市
70%
瀬戸市
69%
稲沢市
69%
名古屋市瑞穂区
67%
弥富市
67%
名古屋市中川区
66%
碧南市
66%
豊明市
66%
清須市
66%
長久手市
66%
日進市
65%
名古屋市昭和区
64%
岩倉市
64%
愛西市
64%
江南市
62%
みよし市
62%
津島市
60%
尾張旭市
56%
知多郡南知多町
55%
高浜市
54%
知多郡美浜町
48%
知多郡武豊町
46%
知多郡阿久比町
43%
海部郡飛島村
42%
知多郡東浦町
41%
海部郡蟹江町
39%
西春日井郡豊山町
34%
丹羽郡大口町
34%
丹羽郡扶桑町
34%
海部郡大治町
34%
額田郡幸田町
34%
愛知郡東郷町
33%
北設楽郡設楽町
33%
北設楽郡豊根村
33%
北設楽郡東栄町
32%
No matching quizzes found
Score Distribution
Percent of People with Each Score
Percentile by Number Answered
Your Score History
You have not taken this quiz since the last reset